[Event "Stuttgart-chB op"]
[Site "Ditzingen"]
[Date "2015.05.16"]
[Round "6"]
[White "Dallinger, Moritz"]
[Black "Kobald, Matthias"]
[Result "1/2-1/2"]
[WhiteElo "1570"]
[BlackElo "1683"]
[PlyCount "80"]
[EventDate "2015.05.17"]
[EventType "swiss"]
[EventRounds "7"]
[EventCountry "GER"]
[SourceTitle "EXT 2018"]
[Source "ChessBase"]
[SourceDate "2017.10.13"]
[SourceVersion "1"]
[SourceVersionDate "2017.10.13"]
[SourceQuality "1"]

1. e4 c5 2. Nf3 g6 3. d4 cxd4 4. Nxd4 Nf6 5. Nc3 Nc6 6. Nxc6 bxc6 7. Bc4 d6 8. e5 Ng8 9. Qf3 d5 10. Nxd5 Be6 11. Nc3 Qd7 12. Bb5 Rc8 13. Ba6 Rb8 14. Bd2 Bh6 15. 0-0-0 Bxd2+ 16. Rxd2 Qc7 17. Na4 Nh6 18. Qc3 0-0 19. Nc5 Bd5 20. f3 Nf5 21. Bc4 e6 22. Na6 Qb6 23. Nxb8 Rxb8 24. Bb3 Kg7 25. Qd3 c5 26. c4 Bc6 27. Bd1 Nd4 28. h4 Qa6 29. b3 Qa3+ 30. Rb2 a5 31. Re1 a4 32. Re3 axb3 33. Bxb3 Ba4 34. Kb1 Bxb3 35. axb3 Ra8 36. Kc1 Rd8 37. Qd1 Qa1+ 38. Rb1 Qa3+ 39. Rb2 Qa1+ 40. Rb1 Qa3+ 1/2-1/2

[Event "GER-ch U14"]
[Site "Magdeburg"]
[Date "2014.06.13"]
[Round "8"]
[White "Jurga, Jonas Vincent"]
[Black "Dallinger, Moritz"]
[Result "0-1"]
[WhiteElo "1706"]
[BlackElo "1576"]
[PlyCount "30"]
[EventDate "2014.06.08"]
[EventType "swiss"]
[EventRounds "9"]
[EventCountry "GER"]
[SourceTitle "CBM 160 Extra"]
[Source "ChessBase"]
[SourceDate "2014.07.01"]
[SourceVersion "1"]
[SourceVersionDate "2014.07.01"]
[SourceQuality "1"]

1. e4 c5 2. Nf3 Nc6 3. d4 cxd4 4. Nxd4 e6 5. c4 Nf6 6. Nc3 Bb4 7. Nxc6 bxc6 8. f3 Qa5 9. Bd2 0-0 10. a3 Be7 11. Nd5 Qd8 12. Nxe7+ Qxe7 13. Be2 Bb7 14. 0-0 Rfd8 15. Ba5 Qc5+ 0-1

[Event "GER-ch U14"]
[Site "Magdeburg"]
[Date "2014.06.10"]
[Round "4"]
[White "Gressmann, Moritz"]
[Black "Dallinger, Moritz"]
[Result "1-0"]
[WhiteElo "2027"]
[BlackElo "1576"]
[PlyCount "61"]
[EventDate "2014.06.08"]
[EventType "swiss"]
[EventRounds "9"]
[EventCountry "GER"]
[SourceTitle "CBM 160 Extra"]
[Source "ChessBase"]
[SourceDate "2014.07.01"]
[SourceVersion "1"]
[SourceVersionDate "2014.07.01"]
[SourceQuality "1"]

1. e4 c5 2. Nf3 e6 3. d3 Qc7 4. g3 a6 5. Bg2 Be7 6. 0-0 b5 7. Nc3 Bb7 8. a4 b4 9. Nb1 d6 10. Nbd2 Nd7 11. Nc4 Ngf6 12. Bf4 0-0 13. e5 Ne8 14. exd6 Nxd6 15. Re1 Nb6 16. Nxb6 Qxb6 17. Ne5 Bxg2 18. Kxg2 Nf5 19. f3 Rfd8 20. a5 Qb5 21. Nc4 Nd4 22. c3 Nc6 23. Nb6 Ra7 24. c4 Qxa5 25. Rxa5 Nxa5 26. Qa4 Nb7 27. Bc7 Rf8 28. Nd7 Rc8 29. Bb8 Ra8 30. Nb6 Bd8 31. Qe8# 1-0

[Event "GER-ch U14"]
[Site "Magdeburg"]
[Date "2014.06.08"]
[Round "1"]
[White "Dallinger, Moritz"]
[Black "Stein, Robert"]
[Result "1-0"]
[WhiteElo "1576"]
[BlackElo "1935"]
[PlyCount "43"]
[EventDate "2014.06.08"]
[EventType "swiss"]
[EventRounds "9"]
[EventCountry "GER"]
[SourceTitle "CBM 160 Extra"]
[Source "ChessBase"]
[SourceDate "2014.07.01"]
[SourceVersion "1"]
[SourceVersionDate "2014.07.01"]
[SourceQuality "1"]

1. e4 e5 2. Nf3 Nc6 3. Bb5 a6 4. Ba4 Nf6 5. d3 b5 6. Bb3 Be7 7. 0-0 d6 8. c3 0-0 9. Re1 Na5 10. Bc2 c5 11. Nbd2 Qc7 12. Nf1 Bb7 13. Ng3 Rfe8 14. Nf5 Bf8 15. Bg5 Nd7 16. N3h4 Nb6 17. Qg4 Re6 18. Re3 Rae8 19. Rg3 d5 20. Nxg7 h5 21. Nxe8 Rxe8 22. Qxh5 1-0

[Event "Stuttgart-chB int"]
[Site "Ditzingen"]
[Date "2014.05.31"]
[Round "6"]
[White "Gheng, Hannelore"]
[Black "Dallinger, Moritz"]
[Result "0-1"]
[WhiteElo "1691"]
[BlackElo "1544"]
[PlyCount "64"]
[EventDate "2014.05.29"]
[EventType "swiss"]
[EventRounds "7"]
[EventCountry "GER"]
[SourceTitle "EXT 2015"]
[Source "ChessBase"]
[SourceDate "2014.11.20"]
[SourceVersion "1"]
[SourceVersionDate "2014.11.20"]
[SourceQuality "1"]

1. e4 c5 2. Nf3 a6 3. d4 cxd4 4. Nxd4 Nf6 5. Nc3 e5 6. Nb3 Bb4 7. Bd3 d5 8. Bd2 Bxc3 9. Bxc3 dxe4 10. Bc4 Qxd1+ 11. Rxd1 Nc6 12. Nc5 0-0 13. 0-0 b6 14. Nb3 Bb7 15. Rfe1 Rad8 16. Rd2 Rxd2 17. Nxd2 b5 18. Bb3 b4 19. Bxb4 Nxb4 20. a3 Nc6 21. Nxe4 Nxe4 22. Rxe4 Rd8 23. f3 Kf8 24. Kf2 f6 25. Rh4 h6 26. Ke3 Nd4 27. g4 Nxf3 28. Rh3 Nd4 29. Ba4 Bc6 30. Bxc6 Nxc6 31. c3 Na5 32. Ke4 Nc4 0-1

[Event "Stuttgart-chB int"]
[Site "Ditzingen"]
[Date "2014.05.30"]
[Round "4"]
[White "Weisensel, Wolfgang"]
[Black "Dallinger, Moritz"]
[Result "0-1"]
[WhiteElo "1685"]
[BlackElo "1544"]
[PlyCount "112"]
[EventDate "2014.05.29"]
[EventType "swiss"]
[EventRounds "7"]
[EventCountry "GER"]
[SourceTitle "EXT 2015"]
[Source "ChessBase"]
[SourceDate "2014.11.20"]
[SourceVersion "1"]
[SourceVersionDate "2014.11.20"]
[SourceQuality "1"]

1. Nf3 c5 2. e3 d5 3. b3 Nc6 4. Bb2 Bg4 5. d4 cxd4 6. exd4 e6 7. Be2 Nf6 8. Nbd2 Bd6 9. 0-0 0-0 10. a3 Re8 11. c4 h5 12. c5 Bc7 13. Re1 Qd7 14. Nf1 Rac8 15. Ne3 Bxf3 16. Bxf3 g6 17. Qc2 b6 18. b4 e5 19. dxe5 Bxe5 20. Bxe5 Nxe5 21. Be2 bxc5 22. bxc5 Qc6 23. Rec1 Nfd7 24. Rd1 Nf6 25. Rac1 Ned7 26. Bf3 Re5 27. Rd3 Kg7 28. Rc3 g5 29. g3 g4 30. Bg2 Ne4 31. Bxe4 dxe4 32. Rc4 f6 33. Ng2 Rxc5 34. Rxc5 Qxc5 35. Qxc5 Rxc5 36. Rb1 Ne5 37. Ne3 Nf3+ 38. Kg2 Ra5 39. Nc2 Rc5 40. Ne1 Rc3 41. Ra1 f5 42. Nxf3 exf3+ 43. Kf1 Kf6 44. Ke1 Ke5 45. Kd2 Kd4 46. Ra2 a5 47. Kd1 Rb3 48. Kc2 a4 49. Ra1 Rc3+ 50. Kd2 Kc4 51. Re1 Rxa3 52. Re5 Ra2+ 53. Kd1 Rxf2 54. Rxf5 Rxh2 55. Rf4+ Kc3 56. Rxa4 Rh1# 0-1

[Event "GER-chT U14"]
[Site "Magdeburg"]
[Date "2013.12.27"]
[Round "1.2"]
[White "Dallinger, Moritz"]
[Black "Riess, Alexander"]
[Result "1/2-1/2"]
[WhiteElo "1592"]
[BlackElo "1816"]
[PlyCount "112"]
[EventDate "2013.12.27"]
[EventType "team-swiss"]
[EventRounds "4"]
[EventCountry "GER"]
[SourceTitle "EXT 2015"]
[Source "ChessBase"]
[SourceDate "2014.11.20"]
[SourceVersion "1"]
[SourceVersionDate "2014.11.20"]
[SourceQuality "1"]
[WhiteTeam "Stuttgart Wolfbusch"]
[BlackTeam "Luebeck"]
[WhiteTeamCountry "GER"]
[BlackTeamCountry "GER"]

1. e4 c6 2. Nf3 g6 3. d4 Bg7 4. Bc4 d5 5. exd5 cxd5 6. Bb5+ Bd7 7. Bxd7+ Qxd7 8. 0-0 Nc6 9. c3 e6 10. Re1 Nge7 11. Bf4 0-0 12. Nbd2 Nf5 13. Ne5 Nxe5 14. Bxe5 f6 15. Bf4 Rae8 16. Nf3 g5 17. Bg3 h5 18. h3 g4 19. Nh4 Nxg3 20. fxg3 e5 21. dxe5 fxe5 22. hxg4 hxg4 23. Qb3 Rd8 24. Rad1 Rf7 25. Ng6 Qf5 26. Nh4 Qf2+ 27. Kh2 Qc5 28. Qb4 Qxb4 29. cxb4 Rdd7 30. Ng6 e4 31. Nf4 d4 32. Rxe4 Rfe7 33. Re6 Kf7 34. Rxe7+ Kxe7 35. Nd3 b6 36. Nf2 Ke6 37. Nxg4 d3 38. Rd2 Kf5 39. Nf2 Bh6 40. Rxd3 Rxd3 41. Nxd3 Ke4 42. Nf4 Kd4 43. a4 Kc4 44. a5 Kxb4 45. axb6 axb6 46. Kg1 Kb3 47. Nd5 b5 48. Nc7 b4 49. Na6 Bg7 50. Kf2 Bxb2 51. Nxb4 Kxb4 52. Kf3 Kc5 53. Ke4 Kd6 54. Kf5 Ke7 55. Kg6 Kf8 56. g4 Kg8 1/2-1/2

[Event "GER-ch U12"]
[Site "Oberhof"]
[Date "2012.05.27"]
[Round "2"]
[White "Fieberg, Samuel"]
[Black "Dallinger, Moritz"]
[Result "1-0"]
[WhiteElo "1774"]
[BlackElo "1626"]
[PlyCount "69"]
[EventDate "2012.05.27"]
[EventType "swiss"]
[EventRounds "11"]
[EventCountry "GER"]
[SourceTitle "CBM 148 Extra"]
[Source "ChessBase"]
[SourceDate "2012.06.22"]
[SourceVersion "1"]
[SourceVersionDate "2012.06.22"]
[SourceQuality "1"]

1. e4 c5 2. Nf3 e6 3. d4 cxd4 4. Nxd4 a6 5. Nc3 Qc7 6. Be2 b5 7. a3 Bb7 8. f4 Nf6 9. Bf3 Nc6 10. Be3 Na5 11. e5 Nd5 12. Nxd5 exd5 13. Nf5 g6 14. Ng3 Nc4 15. Bd4 Bg7 16. 0-0 0-0 17. b3 Nb6 18. Kh1 d6 19. exd6 Qxd6 20. Bxg7 Kxg7 21. Qd4+ Kg8 22. f5 Rac8 23. Rac1 Nd7 24. Bg4 Rc7 25. f6 Rfc8 26. Bxd7 Rxd7 27. Qh4 Qxa3 28. b4 h5 29. Nxh5 Rc4 30. Nf4 Qxb4 31. Rf3 Rxc2 32. Re1 Qe4 33. Rfe3 Rdc7 34. Rxe4 dxe4 35. Qh6 1-0

[Event "Stuttgart-chB int"]
[Site "Ditzingen"]
[Date "2012.05.17"]
[Round "1"]
[White "Hennig, Jan"]
[Black "Dallinger, Moritz"]
[Result "1/2-1/2"]
[WhiteElo "1753"]
[BlackElo "1547"]
[PlyCount "97"]
[EventDate "2012.05.17"]
[EventType "swiss"]
[EventRounds "7"]
[EventCountry "GER"]
[SourceTitle "EXT 2018"]
[Source "ChessBase"]
[SourceDate "2017.10.13"]
[SourceVersion "1"]
[SourceVersionDate "2017.10.13"]
[SourceQuality "1"]

1. c4 Nf6 2. Nc3 e6 3. g3 Bb4 4. Bg2 0-0 5. Nf3 Nc6 6. a3 Bxc3 7. bxc3 b6 8. 0-0 Na5 9. d3 c5 10. Bf4 d6 11. Nd2 Bb7 12. d4 Bxg2 13. Kxg2 Qd7 14. e4 Rfe8 15. Bg5 Rac8 16. Bxf6 gxf6 17. Qg4+ Kf8 18. d5 Ke7 19. Rfe1 Rg8 20. Qh4 Rh8 21. e5 dxe5 22. Rxe5 Qd6 23. Rae1 Rcg8 24. dxe6 fxe6 25. Rxe6+ Qxe6 26. Rxe6+ Kxe6 27. Qe4+ Kf7 28. Qd5+ Ke7 29. Ne4 Rd8 30. Qf5 Rhf8 31. Qxh7+ Rf7 32. Qf5 Nxc4 33. Nxc5 bxc5 34. Qxc5+ Nd6 35. Qxa7+ Rd7 36. Qe3+ Kd8 37. a4 Nc4 38. Qc5 Ne5 39. h4 Ng4 40. a5 Rd2 41. Qb6+ Rc7 42. Kf3 f5 43. Kf4 Rxf2+ 44. Kg5 Kc8 45. Qe6+ Kb8 46. Qd6 Kc8 47. Qf8+ Kb7 48. Qb4+ Kc8 49. Qf8+ 1/2-1/2

[Event "Stuttgart-chB int"]
[Site "Ditzingen"]
[Date "2010.05.13"]
[Round "1"]
[White "Werner, Stefan1"]
[Black "Dallinger, Moritz"]
[Result "1-0"]
[WhiteElo "1703"]
[BlackElo "1418"]
[PlyCount "99"]
[EventDate "2010.05.13"]
[EventType "swiss"]
[EventRounds "7"]
[EventCountry "GER"]
[SourceTitle "EXT 2018"]
[Source "ChessBase"]
[SourceDate "2017.10.13"]
[SourceVersion "1"]
[SourceVersionDate "2017.10.13"]
[SourceQuality "1"]

1. e4 c5 2. Nf3 e6 3. d4 cxd4 4. Nxd4 a6 5. Nc3 Qc7 6. Be2 b5 7. a3 Bb7 8. Be3 Nf6 9. f3 d5 10. exd5 Nxd5 11. Nxd5 Bxd5 12. Rc1 Be7 13. c4 bxc4 14. Qa4+ Nd7 15. Bxc4 Bxc4 16. Qxc4 Qe5 17. Kf2 0-0 18. b4 Nb6 19. Qe2 Nd5 20. Nc6 Qd6 21. Nxe7+ Qxe7 22. Bc5 Nf4 23. Bxe7 Nxe2 24. Kxe2 Rfe8 25. Rc7 f6 26. Rd1 Rac8 27. Rdd7 Rxc7 28. Rxc7 Kf7 29. Bc5+ Kg6 30. Ra7 e5 31. Rxa6 e4 32. fxe4 Rxe4+ 33. Kf3 Rh4 34. h3 Rc4 35. a4 Rc3+ 36. Be3 Rc4 37. b5 Rb4 38. b6 Kf7 39. Ra7+ Ke6 40. a5 g5 41. Rxh7 Kd6 42. a6 Rxb6 43. Bxb6 Kc6 44. a7 Kxb6 45. a8Q Kc5 46. Qd8 g4+ 47. hxg4 f5 48. Rc7+ Kb4 49. Qb8+ Ka4 50. Ra7# 1-0

[Event "GER-ch Net qual3 U14"]
[Site "Playchess.com INT"]
[Date "2009.05.17"]
[Round "2"]
[White "Dallinger, Moritz"]
[Black "Fistoul, Boris"]
[Result "1-0"]
[WhiteElo "1363"]
[BlackElo "1557"]
[PlyCount "87"]
[EventDate "2009.05.17"]
[EventType "swiss (blitz)"]
[EventRounds "7"]
[EventCountry "GER"]
[SourceTitle "CBM 130 Extra"]
[Source "ChessBase"]
[SourceDate "2009.07.02"]
[SourceVersion "2"]
[SourceVersionDate "2009.07.15"]
[SourceQuality "1"]

1. e4 e6 2. d4 b6 3. Nf3 Bb7 4. e5 c5 5. c3 cxd4 6. cxd4 Bb4+ 7. Bd2 Bxd2+ 8. Nbxd2 Ne7 9. Bd3 0-0 10. 0-0 d6 11. Nc4 dxe5 12. dxe5 b5 13. Nd6 Ba6 14. Bxb5 Bxb5 15. Nxb5 Nbc6 16. Qxd8 Rfxd8 17. Rfd1 a6 18. Nd6 Rab8 19. Rd2 Nc8 20. b3 Nxd6 21. Rxd6 Rxd6 22. exd6 Rd8 23. Rd1 Nb4 24. a3 Nd5 25. d7 Rxd7 26. Ne5 Rb7 27. b4 f6 28. Nd3 a5 29. f4 axb4 30. axb4 Nxb4 31. Rb1 Rd7 32. Nxb4 Rb7 33. Rb2 Kf7 34. Nd3 Rc7 35. Kf2 Rd7 36. Ke3 Kg6 37. g4 Kh6 38. h4 g5 39. fxg5+ fxg5 40. hxg5+ Kxg5 41. Rb6 Kxg4 42. Ne5+ Kf5 43. Nxd7 h5 44. Kf3 1-0

[Event "GER-ch Net qual3 U14"]
[Site "Playchess.com INT"]
[Date "2009.05.17"]
[Round "3"]
[White "Gross, Dennis"]
[Black "Dallinger, Moritz"]
[Result "0-1"]
[WhiteElo "1541"]
[BlackElo "1363"]
[PlyCount "112"]
[EventDate "2009.05.17"]
[EventType "swiss (blitz)"]
[EventRounds "7"]
[EventCountry "GER"]
[SourceTitle "CBM 130 Extra"]
[Source "ChessBase"]
[SourceDate "2009.07.02"]
[SourceVersion "2"]
[SourceVersionDate "2009.07.15"]
[SourceQuality "1"]

1. e4 e5 2. Nf3 Nc6 3. Bb5 Nf6 4. Bxc6 dxc6 5. d3 Bc5 6. Nxe5 Qd4 7. 0-0 Qxe5 8. d4 Bxd4 9. c3 Bc5 10. g3 Bh3 11. Re1 Ng4 12. Bf4 Qe7 13. b4 Bxf2+ 14. Kh1 Bxe1 15. Qxe1 Nf6 16. e5 Nd5 17. Nd2 0-0 18. Nc4 Be6 19. Ne3 Nxe3 20. Qxe3 f6 21. Re1 Rfe8 22. exf6 Bd5+ 23. Kg1 Qxe3+ 24. Rxe3 Rxe3 25. Bxe3 Bxa2 26. Bd4 gxf6 27. Bxf6 Kf7 28. Be5 Rc8 29. Kf2 Ke6 30. Bd4 b6 31. Ke3 Kd5 32. Kf3 c5 33. bxc5 bxc5 34. Be5 Bb1 35. Bf4 a5 36. Bc1 a4 37. Bb2 Kc4 38. Ke3 Kb3 39. Bc1 a3 40. Bxa3 Kxa3 41. Kd2 Kb3 42. Kc1 Bf5 43. Kd2 c4 44. h4 Bg4 45. Ke3 Rf8 46. Kd4 Bh5 47. Kc5 Kxc3 48. g4 Bxg4 49. h5 Bxh5 50. Kc6 Kd4 51. Kxc7 c3 52. Kc6 c2 53. Kb5 c1Q 54. Ka5 Qb2 55. Ka6 Be2+ 56. Ka7 Qb8# 0-1

[Event "GER-ch Net qual1 U14"]
[Site "Playchess.com INT"]
[Date "2009.05.10"]
[Round "2"]
[White "Dallinger, Moritz"]
[Black "Fistoul, Boris"]
[Result "0-1"]
[WhiteElo "1363"]
[BlackElo "1557"]
[PlyCount "108"]
[EventDate "2009.05.10"]
[EventType "swiss (blitz)"]
[EventRounds "7"]
[EventCountry "GER"]
[SourceTitle "CBM 130 Extra"]
[Source "ChessBase"]
[SourceDate "2009.07.02"]
[SourceVersion "2"]
[SourceVersionDate "2009.07.15"]
[SourceQuality "1"]

1. e4 e6 2. d4 b6 3. e5 Bb7 4. Nc3 Bb4 5. Qd3 Ne7 6. a3 Bxc3+ 7. Qxc3 0-0 8. Bg5 h6 9. Bh4 d6 10. Rd1 Nd7 11. Bc4 Bxg2 12. f3 Bxh1 13. Kd2 dxe5 14. dxe5 Nxe5+ 15. Kc1 Qc8 16. Qxe5 Qe8 17. Qxc7 f6 18. Bxe6+ Kh7 19. Qg3 Qc6 20. Bd7 Qc5 21. b4 Qe3+ 22. Rd2 Qxa3+ 23. Kd1 Qa1+ 24. Ke2 Qe5+ 25. Qxe5 fxe5 26. Bxe7 Rf7 27. Bc6 Rc8 28. Bd5 Rxe7 29. Be4+ Kh8 30. Bf5 Rf8 31. Be4 g5 32. Nh3 g4 33. Nf2 Bxf3+ 34. Kf1 Bxe4 35. Ke1 Ref7 36. Nxe4 Rf1+ 37. Ke2 R1f4 38. Ng3 Rf2+ 39. Ke1 Rxd2 40. Kxd2 Rf2+ 41. Ke3 Rxc2 42. Ke4 Rxh2 43. Kxe5 h5 44. Kd6 h4 45. Ne4 Rh1 46. Kc6 h3 47. Kb7 h2 48. Kxa7 Rg1 49. Kxb6 h1Q 50. Kc5 Qxe4 51. b5 Rc1+ 52. Kb6 Qe6+ 53. Ka7 Rc7+ 54. Ka8 Qe8# 0-1

[Event "GER-ch Net qual1 U14"]
[Site "Playchess.com INT"]
[Date "2009.05.10"]
[Round "1"]
[White "Hirschmann, Jakob"]
[Black "Dallinger, Moritz"]
[Result "1-0"]
[WhiteElo "1766"]
[BlackElo "1363"]
[PlyCount "123"]
[EventDate "2009.05.10"]
[EventType "swiss (blitz)"]
[EventRounds "7"]
[EventCountry "GER"]
[SourceTitle "CBM 130 Extra"]
[Source "ChessBase"]
[SourceDate "2009.07.02"]
[SourceVersion "2"]
[SourceVersionDate "2009.07.15"]
[SourceQuality "1"]

1. e4 e5 2. Nf3 Nc6 3. Bc4 Bc5 4. b4 Bxb4 5. c3 Ba5 6. Qb3 Qe7 7. 0-0 Nf6 8. d4 exd4 9. Nxd4 Nxd4 10. cxd4 0-0 11. Ba3 d6 12. e5 Ne4 13. f3 Bc3 14. Nxc3 Nd2 15. Qc2 Nxc4 16. Nd5 Qd7 17. Qxc4 c6 18. Nc3 dxe5 19. Bxf8 exd4 20. Rad1 Kxf8 21. Qxd4 Qxd4+ 22. Rxd4 Be6 23. Rfd1 Ke8 24. Ne4 Bd5 25. Nd6+ Kd7 26. Nxb7 Rb8 27. Nc5+ Kd6 28. Ne4+ Ke5 29. Ng3 Rb2 30. R4d2 Rxa2 31. Rxa2 Bxa2 32. Ra1 Bd5 33. Rxa7 c5 34. Rc7 c4 35. Ne4 f5 36. Nc3 Kd4 37. Nxd5 Kxd5 38. Rxg7 c3 39. Rxh7 Kd4 40. Rc7 Kd3 41. Kf2 Kd2 42. Kg3 c2 43. Kf4 c1Q 44. Rxc1 Kxc1 45. Kxf5 Kd2 46. h4 Ke3 47. h5 Kd4 48. h6 Kd5 49. h7 Kd4 50. h8Q+ Kd5 51. Qe5+ Kc4 52. Qd6 Kb5 53. Qc7 Kb4 54. Qc6 Kb3 55. Qc5 Kb2 56. Qc4 Ka3 57. Qb5 Ka2 58. Qb4 Ka1 59. Ke4 Ka2 60. Kd3 Ka1 61. Kc2 Ka2 62. Qb2# 1-0